Dutch Eredivisie XI 2022/23 - Statistics

General Stats
  • This quiz has been taken 24 times
    21 since last reset
  • The average score is 52 of 198
Answer Stats
Team Nationality Name % Correct
AFC Ajax Dušan Tadić
94%
AFC Ajax Jurriën Timber
82%
Feyenoord Quinten Timber
82%
AFC Ajax Remko Pasveer
82%
AFC Ajax Antony
76%
PSV Eindhoven Walter Benítez
76%
AFC Ajax Devyne Rensch
71%
Feyenoord Justin Bijlow
71%
AFC Ajax Steven Berghuis
71%
AFC Ajax Steven Bergwijn
71%
Feyenoord Gernot Trauner
65%
PSV Eindhoven Jordan Teze
65%
AFC Ajax Kenneth Taylor
65%
Feyenoord Lutsharel Geertruida
65%
PSV Eindhoven Philipp Max
65%
PSV Eindhoven Luuk de Jong
59%
Feyenoord Sebastian Szymański
59%
AZ Alkmaar Vangelis Pavlidis
59%
AFC Ajax Daley Blind
53%
Feyenoord Fredrik Aursnes
53%
PSV Eindhoven Joey Veerman
53%
PSV Eindhoven Johan Bakayoko
53%
Feyenoord Marcus Pedersen
53%
AZ Alkmaar Milos Kerkez
53%
AFC Ajax Owen Wijndal
53%
PSV Eindhoven Armando Obispo
47%
PSV Eindhoven Érick Gutiérrez
47%
AZ Alkmaar Pantelis Hatzidiakos
47%
FC Twente Robin Pröpper
47%
FC Utrecht Taylor Booth
47%
AZ Alkmaar Tijani Reijnders
47%
Go Ahead Eagles Willum Willumsson
47%
SC Heerenveen Andries Noppert
41%
AZ Alkmaar Bruno Martins Indi
41%
AZ Alkmaar Dani de Wit
41%
Feyenoord Danilo
41%
AZ Alkmaar Hobie Verhulst
41%
AZ Alkmaar Jordy Clasie
41%
NEC Nijmegen Joris Kramer
41%
FC Twente Lars Unnerstall
41%
NEC Nijmegen Lasse Schöne
41%
FC Twente Manfred Ugalde
41%
FC Twente Michal Sadílek
41%
FC Twente Michel Vlap
41%
RKC Waalwijk Michiel Kramer
41%
Sparta Rotterdam Nick Olij
41%
Go Ahead Eagles Oliver Edvardsen
41%
Feyenoord Patrik Wålemark
41%
FC Twente Ramiz Zerrouki
41%
FC Volendam Robert Muhren
41%
Sparta Rotterdam Tobias Lauritsen
41%
FC Twente Vaclav Cerny
41%
FC Utrecht Vasilios Barkas
41%
NEC Nijmegen Dirk Proper
35%
NEC Nijmegen Elayis Tavsan
35%
FC Twente Gijs Smal
35%
Go Ahead Eagles Jeffrey de Lange
35%
Go Ahead Eagles Mats Deijl
35%
AZ Alkmaar Sam Beukema
35%
NEC Nijmegen Souffian El Karouani
35%
FC Utrecht Anastasios Douvikas
29%
NEC Nijmegen Bart van Rooij
29%
Sparta Rotterdam Bart Vriends
29%
PSV Eindhoven Cody Gakpo
29%
FC Volendam Filip Stankovic
29%
Go Ahead Eagles Finn Stokkers
29%
Fortuna Sittard George Cox
29%
AZ Alkmaar Hakon Evjen
29%
Go Ahead Eagles Isac Lidberg
29%
NEC Nijmegen Iván Márquez
29%
Feyenoord Javairo Dilrosun
29%
FC Groningen Jørgen Strand Larsen
29%
NEC Nijmegen Mattijs Branderhorst
29%
Vitesse Melle Meulensteen
29%
FC Utrecht Mike van der Hoorn
29%
FC Utrecht Modibo Sagnan
29%
AZ Alkmaar Myron van Brederode
29%
NEC Nijmegen Oussama Tannane
29%
SC Heerenveen Pawel Bochniewicz
29%
PSV Eindhoven Xavi Simons
29%
SC Cambuur Alex Bangura
24%
Go Ahead Eagles Bas Kuipers
24%
FC Volendam Carel Eiting
24%
Vitesse Carlens Arcus
24%
FC Groningen Cyril Ngonge
24%
FC Volendam Derry Murkin
24%
RKC Waalwijk Etienne Vaessen
24%
Go Ahead Eagles Evert Linthorst
24%
Feyenoord Jacob Rasmussen
24%
FC Twente Joshua Brenet
24%
FC Twente Julio Pleguezuelo
24%
RKC Waalwijk Jurien Gaari
24%
PSV Eindhoven Ki-Jana Hoever
24%
SC Heerenveen Mats Kohlert
24%
SC Cambuur Mees Hoedemakers
24%
Sparta Rotterdam Mica Pinto
24%
FC Groningen Michael Verrips
24%
FC Emmen Miguel Araujo
24%
SC Heerenveen Milan van Ewijk
24%
Vitesse Million Manhoef
24%
FC Utrecht Nick Viergever
24%
NEC Nijmegen Pedro Marques
24%
AFC Ajax Perr Schuurs
24%
SC Heerenveen Sven van Beek
24%
SC Heerenveen Sydney van Hooijdonk
24%
FC Groningen Tomas Suslov
24%
SC Heerenveen Amin Sarr
18%
SC Heerenveen Anas Tahiri
18%
Sparta Rotterdam Arno Verschueren
18%
FC Twente Christos Tzolis
18%
Fortuna Sittard Dimitrios Siovas
18%
Sparta Rotterdam Dirk Abels
18%
FC Utrecht Djevencio van der Kust
18%
SC Cambuur Doke Schmidt
18%
Go Ahead Eagles Enric Llansana
18%
FC Emmen Eric Oelschlägel
18%
RKC Waalwijk Iliass Bel Hassani
18%
FC Groningen Isak Määttä
18%
Vitesse Jeroen Houwen
18%
Fortuna Sittard Mats Seuntjens
18%
Vitesse Matus Bero
18%
Vitesse Maximilian Wittek
18%
NEC Nijmegen Mikkel Duelund
18%
SC Cambuur Milan Smit
18%
FC Emmen Ole Romeny
18%
FC Utrecht Othman Boussaid
18%
SC Cambuur Robert Uldrikis
18%
SC Cambuur Robin Maulun
18%
RKC Waalwijk Shawn Adewoye
18%
Vitesse Sondre Tronstad
18%
SBV Excelsior Stijn van Gassel
18%
Fortuna Sittard Yanick van Osch
18%
SBV Excelsior Couhaib Driouech
12%
Fortuna Sittard Deroy Duarte
12%
Fortuna Sittard Dogan Erdogan
12%
Vitesse Enzo Cornelisse
12%
SC Cambuur Floris Smand
12%
FC Utrecht Hidde ter Avest
12%
Go Ahead Eagles Jamal Amofa
12%
FC Emmen Jari Vlak
12%
SC Cambuur João Virginia
12%
Sparta Rotterdam Jonathan de Guzman
12%
Go Ahead Eagles José Fontan
12%
SBV Excelsior Julian Baas
12%
RKC Waalwijk Julian Lelieveld
12%
SBV Excelsior Kenzo Goudmijn
12%
FC Emmen Keziah Veendorp
12%
FC Groningen Laros Duarte
12%
SBV Excelsior Marouan Azarkan
12%
FC Groningen Mike te Wierik
12%
RKC Waalwijk Patrick Vroegh
12%
FC Groningen Ramon Pascal Lundqvist
12%
SBV Excelsior Reda Kharchouch
12%
Fortuna Sittard Rodrigo Guth
12%
FC Emmen Rui Mendes
12%
SC Heerenveen Thom Haye
12%
Vitesse Toni Domgjoni
12%
Sparta Rotterdam Vito van Crooij
12%
RKC Waalwijk Yassin Oukili
12%
FC Volendam Benaissa Benamar
6%
FC Volendam Brian Plat
6%
FC Volendam Damon Mirani
6%
RKC Waalwijk Dario van den Buijs
6%
FC Volendam Daryl van Mieghem
6%
SC Cambuur Jamie Jacobs
6%
SC Heerenveen Joost van Aken
6%
FC Emmen Lucas Bernadou
6%
FC Utrecht Luuk Brouwers
6%
FC Emmen Maikel Kieftenbeld
6%
SC Cambuur Marco Tol
6%
Sparta Rotterdam Mike Eerdhuijzen
6%
SC Cambuur Mitchell Paulissen
6%
SBV Excelsior Nathan Tjoe-a-On
6%
FC Groningen Neraysho Kasanwirjo
6%
Vitesse Nikolai Baden Fredriksen
6%
Fortuna Sittard Paul Gladon
6%
SC Heerenveen Rami Kaib
6%
SBV Excelsior Redouan El Yaakoubi
6%
Vitesse Reis Ferro
6%
FC Emmen Richairo Zivkovic
6%
SBV Excelsior Siebe Horemans
6%
SBV Excelsior Sven Nieuwpoort
6%
RKC Waalwijk Thierry Lutonda
6%
Fortuna Sittard Tijjani Noslin
6%
Sparta Rotterdam Younes Namli
6%
Fortuna Sittard Arianit Ferati
0%
FC Volendam Billy van Duijl
0%
FC Utrecht Daishawn Redan
0%
FC Volendam Francesco Antonucci
0%
FC Volendam Ibrahim El Kadiri
0%
Sparta Rotterdam Jason Eyenga-Lokilo
0%
FC Emmen Jeff Hardeveld
0%
FC Emmen Jeroen Veldmate
0%
FC Groningen Joey Pelupessy
0%
SBV Excelsior Joshua Eijgenraam
0%
RKC Waalwijk Lennerd Daneels
0%
Fortuna Sittard Mickael Tirpan
0%
FC Groningen Radinio Balker
0%
No matching quizzes found
Score Distribution
Percent of People with Each Score
Percentile by Number Answered
Your Score History
You have not taken this quiz since the last reset